[Event "Rio de Janeiro Duchamp op 4th"]
[Site "Rio de Janeiro"]
[Date "2022.12.11"]
[Round "6"]
[White "Librelato, Kathie Goulart"]
[Black "Tamarozi, Isabelle"]
[Result "1/2-1/2"]
[WhiteElo "2194"]
[BlackElo "2005"]
[PlyCount "47"]
[EventDate "2022.12.07"]
[EventType "swiss"]
[EventRounds "9"]
[EventCountry "BRA"]
[SourceTitle "CBM 211 Extra"]
[Source "ChessBase"]
[SourceDate "2023.01.31"]
[SourceVersion "1"]
[SourceVersionDate "2023.01.31"]
[SourceQuality "1"]

1. e4 c5 2. Nf3 g6 3. d4 cxd4 4. Nxd4 Nc6 5. Nc3 Bg7 6. Nb3 Nf6 7. Be2 0-0 8. 0-0 d6 9. Re1 b6 10. Nd5 e6 11. Nxf6+ Bxf6 12. c3 Bb7 13. Bh6 Re8 14. Qd2 Qc7 15. Bf1 Rad8 16. a4 d5 17. exd5 Ne7 18. Qf4 Qxf4 19. Bxf4 Nxd5 20. Bd2 Ne7 21. Be3 Nd5 22. Bd2 Nc7 23. Be3 Nd5 24. Bd2 1/2-1/2

[Event "Caxambu Casa do Xadrez op"]
[Site "Caxambu"]
[Date "2022.07.22"]
[Round "2"]
[White "Mekhitarian, Krikor Sevag"]
[Black "Tamarozi, Isabelle"]
[Result "1-0"]
[WhiteElo "2542"]
[BlackElo "1983"]
[PlyCount "45"]
[EventDate "2022.07.22"]
[EventType "swiss"]
[EventRounds "6"]
[EventCountry "BRA"]
[SourceTitle "CBM 209 Extra"]
[Source "ChessBase"]
[SourceDate "2022.09.30"]
[SourceVersion "1"]
[SourceVersionDate "2022.09.30"]
[SourceQuality "1"]

1. e4 c5 2. Nf3 Nc6 3. d4 cxd4 4. Nxd4 g6 5. c4 Nf6 6. Nc3 d6 7. Be2 Nxd4 8. Qxd4 Bg7 9. Be3 0-0 10. Qd3 Be6 11. Bd4 Nd7 12. Bxg7 Kxg7 13. 0-0 f5 14. exf5 Bxf5 15. Qd4+ Kg8 16. Rfe1 Ne5 17. c5 Be6 18. Rad1 Nf7 19. Bf3 Qc8 20. cxd6 exd6 21. Bd5 Bf5 22. Re7 Qc5 23. Qf6 1-0

[Event "Titled Tuesday intern op 14th July"]
[Site "Chess.com INT"]
[Date "2020.07.14"]
[Round "7"]
[White "Efremov, Vladislav"]
[Black "Tamarozi, Isabelle"]
[Result "0-1"]
[WhiteElo "2188"]
[BlackElo "1981"]
[PlyCount "88"]
[EventDate "2020.07.14"]
[EventType "swiss (blitz)"]
[EventRounds "10"]
[EventCountry "USA"]
[SourceTitle "CBM 197 Extra"]
[Source "ChessBase"]
[SourceDate "2020.09.30"]
[SourceVersion "1"]
[SourceVersionDate "2020.09.30"]
[SourceQuality "1"]

1. d4 Nf6 2. c4 g6 3. Nf3 Bg7 4. g3 d6 5. Bg2 0-0 6. 0-0 Nc6 7. Nc3 e5 8. dxe5 Nxe5 9. Nxe5 dxe5 10. Qxd8 Rxd8 11. Bg5 Rd4 12. Be3 Rxc4 13. Rfd1 Be6 14. Bxb7 Re8 15. Ba6 Rb4 16. Bb5 c6 17. Bxc6 Rc8 18. Rab1 Rxc6 19. Rd8+ Bf8 20. Bh6 Nd7 21. Ne4 Bf5 22. Rd1 Rd4 23. Rxd4 exd4 24. Ng5 f6 25. Nf3 Rd6 26. Bf4 Rb6 27. Nxd4 Bh3 28. b3 Kf7 29. Ra8 Rb7 30. Nc6 a5 31. Nxa5 Rb6 32. Nc4 Rc6 33. Ra7 Ke6 34. f3 Bc5+ 35. e3 Bxa7 36. Kf2 Kf7 37. Ke2 Rc8 38. Kd3 Bf1+ 39. Ke4 Bxc4 40. bxc4 Rxc4+ 41. Kd5 Ra4 42. Kd6 Ne5 43. Bxe5 fxe5 44. Kxe5 Rxa2 0-1

[Event "Titled Tuesday intern op 14th July"]
[Site "Chess.com INT"]
[Date "2020.07.14"]
[Round "4"]
[White "Tamarozi, Isabelle"]
[Black "Abrashkin, Boris Vladimirovich"]
[Result "0-1"]
[WhiteElo "1981"]
[BlackElo "2407"]
[PlyCount "66"]
[EventDate "2020.07.14"]
[EventType "swiss (blitz)"]
[EventRounds "10"]
[EventCountry "USA"]
[SourceTitle "CBM 197 Extra"]
[Source "ChessBase"]
[SourceDate "2020.09.30"]
[SourceVersion "1"]
[SourceVersionDate "2020.09.30"]
[SourceQuality "1"]

1. e4 c5 2. Nf3 e6 3. d4 cxd4 4. Nxd4 Nf6 5. Nc3 Bb4 6. Bd3 Nc6 7. Nde2 d5 8. exd5 exd5 9. 0-0 0-0 10. Bg5 Be7 11. Nf4 d4 12. Ne4 Nxe4 13. Bxe7 Qxe7 14. Re1 f5 15. f3 Qd6 16. Bc4+ Kh8 17. Nh3 Nf6 18. Ng5 Ne5 19. Bb3 Bd7 20. f4 Ng6 21. g3 Be8 22. Re6 Qc5 23. Qd3 Bb5 24. Qf3 d3+ 25. Qf2 Qxf2+ 26. Kxf2 dxc2 27. Bxc2 Rad8 28. Bxf5 Rd2+ 29. Ke3 Re2+ 30. Kf3 Rxb2 31. Nf7+ Rxf7 32. Bxg6 hxg6 33. Rae1 Bc6+ 0-1